Η μικροδιδασκαλία στην εκπαίδευση των εκπαιδευτικών : μία θεωρητική και εμπειρική προσέγγιση
Αποθηκεύτηκε σε:
| Κύριος συγγραφέας: | |
|---|---|
| Μορφή: | Βιβλίο |
| Γλώσσα: | Greek |
| Δημοσίευση: |
Θεσσαλονίκη :
Κυριακίδη,
c2015.
|
| Έκδοση: | 12η εκδ. |
| Θέματα: | |
| Ετικέτες: |
Προσθήκη ετικέτας
Δεν υπάρχουν, Καταχωρήστε ετικέτα πρώτοι!
|
MARC
| LEADER | 00000cam a2200000 i 4500 | ||
|---|---|---|---|
| 001 | 1/120750 | ||
| 008 | 200128t2015 gr ||| gre|| | ||
| 020 | |a 9789606020346 | ||
| 035 | |l 10085820 | ||
| 040 | |a GR-MY-UA |b gre |e aacr | ||
| 041 | 0 | |a gre | |
| 082 | 0 | |a 370.733 |2 (22) | |
| 100 | 1 | |a Χατζηδήμου, Δημήτρης Χρ. |d 1947- | |
| 245 | 1 | 2 | |a Η μικροδιδασκαλία στην εκπαίδευση των εκπαιδευτικών : |b μία θεωρητική και εμπειρική προσέγγιση / |c Δημήτρης Χρ. Χατζηδήμου. |
| 250 | |a 12η εκδ. | ||
| 260 | |a Θεσσαλονίκη : |b Κυριακίδη, |c c2015. | ||
| 300 | |a 324 σ. : |b πιν. ; |c 21 εκ. | ||
| 504 | |a Βιβλιογραφία: σ. [293]-302. | ||
| 650 | 0 | 0 | |a Microteaching. |
| 650 | 0 | 0 | |a Teachers |x Training of |z Greece. |
| 852 | |a INST |b SAMOS |c EUDOXUS |e 20200128 |h 370.733 ΧΑΤ |p 005300046282 |q 005300046282 |t EDX |y 0 | ||
| 920 | |a Εύδοξος |b Παραγγελία |y Σάμος-ΤΜΑΘ |z 2020-01 | ||
| 970 | |a Κοσιέρης |b Χρήστος |z 28-1-2020 | ||